ბათუმის შოთა რუსთაველის სახელმწიფო უნივერსიტეტის ბიბლიოთეკა

ალპურ მცენარეთა ეკოლოგია : (ბიბ.ჩანაწერი № 38592)

000 -ლიდერი
ფიქსირებული სიგრძის საკონტროლო ველი 01411nam a2200289Ia 4500
001 - საკონტროლო ნომერი
საკონტროლო ველი 4709
003 - საკონტროლო ნომრის იდენტიფიკატორი
საკონტროლო ველი GE_BSU
005 - ბოლო ოპერაციის თარიღი და დრო
საკონტროლო ველი 20190731115300.0
008 - ფიქსირებული სიგრძის მონაცემთა ელემენტები - ზოგადი ინფორმაცია
ფიქსირებული სიგრძის საკონტროლო ველი 181216s2008||||ge |||||||||||||| ||geo||
020 ## - წიგნის საერთაშორისო სტანდარტული ნომერი
International Standard Book Number 9789941903502
040 ## - კატალოგიზაციის წყარო
Transcribing agency GE_BSU
041 ## - ენის კოდი
Language code of text/sound track or separate title geo
080 ## - უნივერსალური ათობითი კლასიფიკაციის ინდექსი
Universal Decimal Classification number 581.55 კ–49
100 ## - მთავარი ჩანაწერი - პიროვნების სახელი
Personal name კიორნერი, ქრისტიან
9 (RLIN) 3354
245 ## - ცნობა სათაურის შესახებ
Title ალპურ მცენარეთა ეკოლოგია :
Statement of responsibility, etc ქრისტიან კიორნერი ; მთარგმნ. : თ. გამყრელიძე და სხვ. ; რედ. : ო. აბდალაძე, გ. ნახუცრიშვილი
250 ## - გამოცემის ცნობა
Edition statement პირველი ქართული გამოცემა
264 ## - წარმოების, გამოცემის, დისტრიბუციის და სხვა ცნობები
გამოცემის, წარმოების, დისტრიბუციის... ადგილი თბილისი :
გამოცემის, წარმოების, დისტრიბუციის... სახელწოდება ილია ჭავჭავაძის უნ–ტის გამ–ბა ;
გამოცემის, წარმოების, დისტრიბუციის... თარიღი 2008.
300 ## - ფიზიკური აღწერა
Extent 342 გვ. :
Other physical details ილ. ;
Dimensions 25 სმ.
504 ## - BIBLIOGRAPHY, ETC. NOTE
Bibliography, etc ბიბლ. : გვ. 321–357
653 ## - INDEX TERM--UNCONTROLLED
Uncontrolled term ალპურ მცენარეთა ეკოლოგია
653 ## - INDEX TERM--UNCONTROLLED
Uncontrolled term ეკოლოგია
700 ## - ADDED ENTRY--PERSONAL NAME
Personal name გამრელიძე, თ.
Relator term მთარგმნელი
9 (RLIN) 3355
700 ## - ADDED ENTRY--PERSONAL NAME
Personal name აბდალაძე, ო.
Relator term რედაქტორი
9 (RLIN) 3356
700 ## - ADDED ENTRY--PERSONAL NAME
Personal name გიგაური, მ.
Relator term რედაქტორი
9 (RLIN) 3357
942 ## - ADDED ENTRY ELEMENTS (KOHA)
Koha item type წიგნი
Source of classification or shelving scheme
ეგზემპლარები
ჩამოწერის სტატუსი დაკარგული ეგზემპლარის სტატუსი კლასიფიკაციის წყარო ან თაროზე გაწყობის სქემა დაზიანების სტატუსი არ გაიცემა მუდმივი მდებარეობა (დაცვის ადგილი) ამჟამინდელი ადგილსამყოფელი თაროზე განთავსების ადგილი შეძენის თარიღი ღირებულება, შესყიდვის ნორმალური ფასი სრული შენახვის შიფრი შტრიხკოდი ბოლო ოპერაციის თარიღი ეგზემპლარის მიმდევრობითი ნომერი (კეტერი?) ფასის ძალაში შესვლის თარიღი ეგზემპლარის სახეობა საჯარო შენიშვნა
          ბათუმის შოთა რუსთაველის სახელმწიფო უნივერსიტეტის მთავარი ბიბლიოთეკა ბათუმის შოთა რუსთაველის სახელმწიფო უნივერსიტეტის მთავარი ბიბლიოთეკა წიგნსაცავი 2018-12-17 43.40 581.55 კ–49 12912 2018-12-17 12912 2018-12-17 წიგნი 43.40 ლ.
          ბათუმის შოთა რუსთაველის სახელმწიფო უნივერსიტეტის მთავარი ბიბლიოთეკა ბათუმის შოთა რუსთაველის სახელმწიფო უნივერსიტეტის მთავარი ბიბლიოთეკა წიგნსაცავი 2018-12-17 43.40 581.55 კ–49 12913 2018-12-17 12913 2018-12-17 წიგნი საცავი
          ბათუმის შოთა რუსთაველის სახელმწიფო უნივერსიტეტის მთავარი ბიბლიოთეკა ბათუმის შოთა რუსთაველის სახელმწიფო უნივერსიტეტის მთავარი ბიბლიოთეკა წიგნსაცავი 2018-12-17 43.40 581.55 კ–49 12914 2018-12-17 12914 2018-12-17 წიგნი 43.40 ლ.